000 00337 a2200157 4500
003 Nust
005 20230529110920.0
040 _cNust
082 _a808.82,HUD
100 _aHudson , Henru
_9112742
245 _aShakespeare's
_cHenery N Hudson
260 _aUSA
_bGinn & Co
300 _a196:p
650 _aDrama
942 _2ddc
_cBK
999 _c186839
_d186839